000 00663nam a2200217 4500
003 OSt
005 20240723021224.0
006 a
008 240723b |||||||| |||| 00| 0 eng d
020 _a9781598634440
040 _aDWCL-Main lib.
_cOC
082 _aCirc. 781.3 K49e 2008
100 _aKimpel, Dan
245 _aElectrify my soul : songwriters and the spiritual source /
260 _aBoston :
_bThomson Course Technology PTR,
_cc2008.
300 _axv,
_b206P. : ill. ;
_c24 cm.
650 _a1. Lyric writing(Popular music).
650 _a2. Popular music-Writing and publishing.
650 _a3. Music Trade.
942 _2ddc
_n0
_cBK-CIRC
_kCirc.
999 _c2571
_d2571